Sistema penal y violencia de género (Registro nro. 25908)

Detalles MARC
000 -CABECERA
Longitud fija campo de control 01189nas a22002177a 4500
003 - IDENTIFICADOR DELl NÚMERO DE CONTROL
Identificador del número de control OSt
005 - FECHA Y HORA DE LA ÚLTIMA TRANSACCIÓN
Fecha y hora de la última transacción 20190130174817.0
008 - CÓDIGOS DE INFORMACIÓN DE LONGITUD FIJA
Códigos de información de longitud fija 160601b xxu||||| |||| 00| 0 eng d
022 ## - NÚMERO INTERNACIONAL NORMALIZADO PARA PUBLICACIONES SERIADAS
Número Internacional Normalizado para Publicaciones Seriadas 978-99961-902-5-4
040 ## - FUENTE DE LA CATALOGACIÓN
Centro transcriptor BMC
082 ## - NÚMERO DE LA CLASIFICACIÓN DECIMAL DEWEY
Númeroo de clasificación 345.7284
245 00 - MENCIÓN DE TÍTULO
Título Sistema penal y violencia de género
Resto del título : monográfico
Mención de responsabilidad, etc. Consejo Nacional de la Judicatura ; [Jorge Alfonso Quinteros Hernández...et al.]
250 ## - MENCIÓN DE EDICIÓN
Mención de edición 1ª ed
260 ## - PUBLICACIÓN, DISTRIBUCIÓN, ETC. (PIE DE IMPRENTA)
Lugar de publicación, distribución, etc. San Salvador (El Salvador)
Nombre del editor, distribuidor, etc. Consejo Nacional de la Judicatura
-- Escuela de capacitación Judicial "Dr. Arturo Zeledón Castrillo"
Fecha de publicación, distribución, etc. 2015
300 ## - DESCRIPCIÓN FÍSICA
Extensión 351 p.
Dimensiones 23 cm
505 ## - NOTA DE CONTENIDO CON FORMATO
Nota de contenido con formato Contiene: La criminalidad femenina: especial referencia a las mujeres privadas de libertad en la Granja Penitenciaria de Izalco, El Salvador.- Análisis dogmático de los delitos establecidos en la ley especial integral ara una vida libre de violencia (LEIV), en especial al delito de feminicidio.- Violación, género y derecho penal.- La figura del feminicidio.-
650 24 - PUNTO DE ACCESO ADICIONAL DE MATERIA - TÉRMINO DE MATERIA
9 (RLIN) 6647
Término de materia o nombre geográfico como elemento inicial Derecho penal
Subdivisión geográfica El Salvador
700 1# - PUNTO DE ACCESO ADICIONAL - NOMBRE DE PERSONA
9 (RLIN) 15696
Nombre de persona Quinteros Hernández, Jorge Alfonso
710 2# - PUNTO DE ACCESO ADICIONAL - NOMBRE DE ENTIDAD
9 (RLIN) 6779
Nombre de entidad o nombre de jurisdicción como elemento inicial Consejo Nacional de la Judicatura (El Salvador)
942 ## - ENTRADA DE ELEMENTOS AGREGADOS (KOHA)
Fuente de clasificaión o esquema Dewey Decimal Classification
Koha [por defecto] tipo de item 2- Prensa y Revistas
Parte de clasificación prozim
Existencias
Suprimido Perdido Fuente de clasificación o esquema Estropeado Restricciones de uso No para préstamo Código de colección Localización permanente Localización actual Localización en estanter&íacute;as Fecha adquisición Fuente de adquisición Número de inventario Préstamos totales Signatura completa Código de barras Fecha última consulta Fecha último préstamo Fecha del precio de reemplazo Tipo de item de Koha Renovaciones totales
NULL NULL Dewey Decimal Classification NULL Prestable NULL NULL Biblioteca Miguel de Cervantes - UNICAES Biblioteca Miguel de Cervantes - UNICAES Sala Principal 29/04/2016 Donación - Roberto López 032712 3 345.7284 SIS 1038124 13/05/2019 08/05/2019 19/09/2016 1- Monografias  
NULL NULL Dewey Decimal Classification NULL Prestable NULL NULL Biblioteca Miguel de Cervantes - UNICAES Biblioteca Miguel de Cervantes - UNICAES Sala Principal 29/04/2016 Donación - Roberto López 032713 4 345.7284 SIS 1038125 06/05/2019 02/05/2019 19/09/2016 1- Monografias 1
NULL NULL Dewey Decimal Classification NULL Prestable NULL NULL Biblioteca Miguel de Cervantes - UNICAES Biblioteca Miguel de Cervantes - UNICAES Sala Principal 26/06/2017 Donación - CNJ 033513 2 345.7284 SIS 1042295 29/10/2018 24/10/2018 22/08/2017 1- Monografias 1